[Event "CRO-chT2 East"]
[Site "Croatia"]
[Date "2014.05.10"]
[Round "4.14"]
[White "Gaspert, Gordan"]
[Black "Bjelica, Vladimir"]
[Result "1-0"]
[WhiteElo "2052"]
[BlackElo "2018"]
[PlyCount "65"]
[EventDate "2014.04.26"]
[EventType "team-tourn"]
[EventRounds "11"]
[EventCountry "CRO"]
[SourceTitle "EXT 2019"]
[Source "ChessBase"]
[SourceDate "2018.10.10"]
[SourceVersion "1"]
[SourceVersionDate "2018.10.10"]
[SourceQuality "1"]

1. d4 Nf6 2. Nf3 d6 3. g3 g6 4. Bg2 Bg7 5. 0-0 0-0 6. a4 c6 7. a5 a6 8. Nbd2 Nbd7 9. e4 Qc7 10. Re1 e5 11. c3 Rb8 12. Nc4 Ne8 13. Bg5 f6 14. Be3 Kh8 15. dxe5 Nxe5 16. Nfd2 Be6 17. Qe2 Qf7 18. Nb6 Rd8 19. h3 Nc7 20. Rad1 Qe7 21. Kh2 h6 22. f4 Nd7 23. Ndc4 Nxb6 24. Bxb6 Bxc4 25. Qxc4 Rd7 26. h4 Ne6 27. Re2 Qf7 28. Red2 d5 29. exd5 cxd5 30. Bxd5 Re8 31. Re2 Rd6 32. Rde1 f5 33. Bc5 1-0

[Event "CRO-chT2 East"]
[Site "Croatia"]
[Date "2014.04.26"]
[Round "1.15"]
[White "Hodak, Stevo"]
[Black "Bjelica, Vladimir"]
[Result "1-0"]
[WhiteElo "2232"]
[BlackElo "2018"]
[PlyCount "53"]
[EventDate "2014.04.26"]
[EventType "team-tourn"]
[EventRounds "11"]
[EventCountry "CRO"]
[SourceTitle "EXT 2019"]
[Source "ChessBase"]
[SourceDate "2018.10.10"]
[SourceVersion "1"]
[SourceVersionDate "2018.10.10"]
[SourceQuality "1"]

1. e4 c5 2. Nf3 Nc6 3. Bb5 e6 4. 0-0 a6 5. Bxc6 dxc6 6. d3 Be7 7. e5 Qc7 8. Nc3 h6 9. a4 a5 10. Ne4 b6 11. b3 Ba6 12. Bb2 Rh7 13. Qe2 0-0-0 14. Qe3 g5 15. Rfd1 Bb7 16. Nfd2 Ba6 17. Nc4 Bxc4 18. dxc4 Rh8 19. Nd6+ Kb8 20. Nxf7 Rxd1+ 21. Rxd1 Rh7 22. Nd6 g4 23. Ne4 Rf7 24. Qd3 h5 25. Nd6 Bxd6 26. exd6 Qd7 27. Qg6 1-0

[Event "CRO-chT2 East"]
[Site "Osijek"]
[Date "2013.10.27"]
[Round "10.34"]
[White "Savic, Mihajlo"]
[Black "Bjelica, Vladimir"]
[Result "1/2-1/2"]
[WhiteElo "2217"]
[BlackElo "2038"]
[PlyCount "21"]
[EventDate "2013.04.20"]
[EventType "team-tourn"]
[EventRounds "11"]
[EventCountry "CRO"]
[SourceTitle "EXT 2023"]
[Source "ChessBase"]
[SourceDate "2022.10.05"]
[SourceVersion "1"]
[SourceVersionDate "2022.10.05"]
[SourceQuality "1"]

1. e4 c5 2. f4 d6 3. d3 Nc6 4. Nf3 e5 5. Nc3 Nf6 6. Be2 Be7 7. 0-0 0-0 8. f5 h6 9. Bd2 Kh7 10. Qc1 Ng8 11. Nd5 1/2-1/2

[Event "CRO-chT2 Ost"]
[Site "Osijek"]
[Date "2012.04.21"]
[Round "2.66"]
[White "Bjelica, Vladimir"]
[Black "Gubo, Marko"]
[Result "0-1"]
[WhiteElo "2057"]
[BlackElo "2080"]
[PlyCount "70"]
[EventDate "2012.04.21"]
[EventType "team-tourn"]
[EventRounds "11"]
[EventCountry "CRO"]
[SourceTitle "EXT 2014"]
[Source "ChessBase"]
[SourceDate "2013.11.20"]
[SourceVersion "1"]
[SourceVersionDate "2013.11.20"]
[SourceQuality "1"]

1. d4 Nf6 2. c4 d5 3. Nc3 c6 4. Nf3 Bf5 5. Qb3 b6 6. Ne5 e6 7. Be3 Be7 8. Rd1 0-0 9. g3 Be4 10. f3 Bg6 11. Bg2 Nfd7 12. Nxg6 hxg6 13. 0-0 Nf6 14. Bf2 Nbd7 15. Bh3 Rc8 16. e4 dxc4 17. Qxc4 b5 18. Qe2 Nb6 19. Bg2 b4 20. Nb1 Qc7 21. Rc1 Qb7 22. Nd2 Nfd7 23. Nb3 Na4 24. f4 Qb5 25. Qc2 c5 26. dxc5 Ndxc5 27. Nxc5 Bxc5 28. Bxc5 Rxc5 29. Qd2 Rfc8 30. e5 Rxc1 31. Rxc1 Rxc1+ 32. Qxc1 Qe2 33. b3 Nc3 34. a3 Nd1 35. Qc5 Ne3 0-1